000 00322nam a22001337a 4500
008 171030b xxu||||| |||| 00| 0 eng d
020 _a9780675211024
041 _aeng
080 _a33
100 _a58
101 _aBUS
245 _aDEVELOPING EXPERT SYSTEMS FOR BUSINESS APPLICATIONS
_cCHANDLER,J,S
942 _2udc
_cBK
999 _c36595
_d36595